000 00705nam a22002177a 4500
003 UA-OsUOA
001 63812
007 ta
008 20091020b un ||||| |||| 00| 0 ukr d
090 _a012:94
_bД53
942 _cBK
040 _aUA-OsUOA
_bukr
_cUA-OsUOA
_dUA-OsUOA
245 _aДмитро Іванович Багалій - професор Харківського університету
_bБіобібліографічний покажчик
_cКотух О. П.
300 _a122 с.
955 _a2
041 _aukr
080 _a012:94
260 _aХарків
_c1992
650 7 _a01 Бібліографія і бібліографії. Каталоги
_2UDC
999 _c349865
_d349865